| 000 | 00964cab a2200325 4500 | ||
|---|---|---|---|
| 001 | ABS53191 | ||
| 008 | 090401t1995 xxu||||| |||| 00| 0 eng d | ||
| 035 | _a(Sirsi) u2580 | ||
| 041 | _aeng | ||
| 100 | _aStokdyk, J. | ||
| 245 | _aL shaped rooms | ||
| 260 | _c1995 | ||
| 350 | _a0 | ||
| 490 |
_aBuilding _v201(26) 29 June 1995, 46-47(2) |
||
| 520 | _aPart L of the Building Regulations is in force. This article finds out how builders will meet the new energy conservation requirements. | ||
| 650 |
_aBUILDING REGULATIONS _96224 |
||
| 650 | _aENERGY CONSERVATION | ||
| 650 | _aENERGY RATING SCHEME | ||
| 650 | _aHOUSE BUILDERS | ||
| 650 | _aHOUSE BUILDING | ||
| 650 | _aPART L | ||
| 650 | _aSAP | ||
| 650 | _aSTANDARD ASSESSMENT PROGRAMME | ||
| 650 | _aU-VALUES | ||
| 690 | _aBUILDING AND CONSTRUCTION-ENERGY CONSERVATION | ||
| 690 | _aBUILDING AND CONSTRUCTION-REGULATIONS | ||
| 700 | _aRidout, G. | ||
| 942 | _n0 | ||
| 948 | _c04/03/1997 | ||
| 999 |
_c1555 _d1555 |
||